Most Valuable Players in the Copa Libertadores 2022 - Statistics

General Stats
  • This quiz has been taken 68 times
  • The average score is 9 of 21
Answer Stats
# Market Value Club Nationality Answer % Correct
1 £23.40m Flamengo Brazil Gabriel Barbosa
84%
2 £20.70m River Plate Argentina Julián Álvarez
84%
4 £15.30m Flamengo Uruguay Giorgian de Arrascaeta
80%
5 £14.40m River Plate Uruguay Nicolás de la Cruz
71%
9 £10.80m Palmeiras Brazil Raphael Veiga
55%
14 £9.00m Flamengo Brazil Pedro
53%
18 £8.10m Palmeiras Brazil Rony
53%
9 £10.80m Palmeiras Brazil Dudu
51%
18 £8.10m Palmeiras Brazil Gustavo Scarpa
49%
3 £19.80m Palmeiras Brazil Danilo
45%
7 £11.70m Atletico Mineiro Argentina Matías Zaracho
38%
14 £9.00m Red Bull Bragantino Brazil Artur
36%
6 £12.60m Atletico Mineiro Brazil Guilherme Arana
29%
13 £9.90m Palmeiras Brazil Gabriel Menino
25%
9 £10.80m Palmeiras Brazil Gabriel Veron
22%
18 £8.10m Flamengo Brazil João Gomes
22%
7 £11.70m Colon Argentina Facundo Farías
16%
9 £10.80m Fluminense Brazil Luiz Henrique
16%
14 £9.00m River Plate Argentina Esequiel Barco
11%
14 £9.00m Palmeiras Brazil Giovani
7%
18 £8.10m Red Bull Bragantino Brazil Renan
7%
No matching quizzes found
Score Distribution
Percent of People with Each Score
Percentile by Number Answered
Your Score History
You have not taken this quiz